First Words Quiz Stats

 Plays Quiz Updated Nov 15, 2018

Challenge
Share
Tweet
Embed
Score 0/24 Timer 03:00
0 Plays Today
Description First Word % Correct
Miranda RightsYou
72.5%
Lord's PrayerOur
70.1%
Preamble to the ConstitutionWe
64.9%
A Tale of Two CitiesIt
64.2%
BibleIn
62.9%
Gettysburg AddressFour
58.4%
Jetsons themeMeet
45.7%
Moby-DickCall
38.4%
My Favorite ThingsRaindrops
37.8%
Bohemian RhapsodyIs
36.6%
Star Trek introSpace
34.3%
Auld Lang SyneShould
31.4%
Description First Word % Correct
New York, New YorkStart
31.3%
Declaration of IndependenceWhen
26.7%
Citizen KaneRosebud
26.6%
Gilligan's Island themeJust
22.5%
The Road Not TakenTwo
22.3%
Cheers themeMaking
22.2%
Jabberwocky'Twas
16.1%
Shakespeare's Sonnet 18Shall
14.5%
The RavenOnce
14.3%
All My LovingClose
13.8%
Atlas ShruggedWho
5%
Magna CartaJohn
2.2%

You're not logged in!

Compare scores with friends on all Sporcle quizzes.
OR
Log In

You Might Also Like...

Show Comments

Extras

Top Quizzes Today


Score Distribution

Your Account Isn't Verified!

In order to create a playlist on Sporcle, you need to verify the email address you used during registration. Go to your Sporcle Settings to finish the process.

Report this User

Report this user for behavior that violates our Community Guidelines.

Details: